00397nam a2200145Ia 4500008004100000082001100041082000800052245004400060245001000104260001000114300000900124942000800133999001900141952009100160231017s9999 xx 000 0 und d a625.85 bBCM 0aBituminous mixes and flexible pavements 0cBACMI bBACMI c30cm cREP c606187d606187 00104070aNITbNITd2023-10-17l0o625.85 BCMpNIT-3333r2023-10-17w2023-10-17yREP